Fifa 20 Community TOTS - Statistics

General Stats
  • This quiz has been taken 13 times
  • The average score is 9 of 20
Answer Stats
Rating Team Player % Correct
93 Liverpool Joe Gomez
82%
92 Crystal Palace Wilfried Zaha
82%
93 FC Barcelona Sergio Busquets
73%
92 Real Madrid Casemiro
64%
92 West Ham United Felipe Anderson
64%
93 FC Barcelona Gerard Pique
64%
89 Olympique Lyon Moussa Dembele
45%
88 FC Porto Pepe
45%
93 Real Madrid Thibaut Courtois
45%
93 Inter Milan Diego Godin
36%
91 Manchester City Fernandinho
36%
90 Borussia Dortmund Julian Brandt
36%
88 Arsenal Bernd Leno
27%
88 Lazio Lucas Leiva
27%
88 FC Nantes Moses Simon
27%
88 Piemonte Calcio Rodrigo Bentancur
27%
93 Bayern Munich Thiago Alcantara
27%
89 SL Benfica Alejandro Grimaldo
18%
89 RB Leipzig Nordi Mukiele
18%
89 RB Leipzig Peter Gulacsi
18%
No matching quizzes found
Score Distribution
Percent of People with Each Score
Percentile by Number Answered
Your Score History
You have not taken this quiz